| 000 | 00780cab a2200205 4500 | ||
|---|---|---|---|
| 001 | WB2542-15 | ||
| 008 | 090401t1989 xxu||||| |||| 00| 0 eng d | ||
| 035 | _a(Sirsi) u71251 | ||
| 041 | _aeng | ||
| 245 | _aEmployment warning | ||
| 260 | _c1989 | ||
| 350 | _a0 | ||
| 490 |
_aGuardian _v25/10/89 p4 Independent 25/10/89 p8 (2) |
||
| 520 | _aSpeaking at the launch of a report by NEDO , Defusing the demographic timebomb, the SOS for Employment warned companies of the dangers of recruiting only from school leavers and urged them to tap alternative labour sources such as older workers, women with children, the disabled and ethnic minorities. | ||
| 650 | _aEMPLOYMENT | ||
| 650 | _aLABOUR SHORTAGE | ||
| 690 | _aECONOMIC AND SOCIAL | ||
| 942 | _n0 | ||
| 948 | _c04/03/1997 | ||
| 999 |
_c44893 _d44893 |
||